African Countries by Population in Order - Statistics

General Stats
  • This quiz has been taken 189 times
  • The average score is 37 of 54
Answer Stats
Population Country % Correct
197M N Nigeria
99%
94M E Egypt
97%
100M E Ethiopia
97%
37M U Uganda
96%
57M S... South Africa
95%
51M T Tanzania
94%
45M K Kenya
93%
40M A Algeria
91%
40M S Sudan
90%
84M D... DRC
86%
27M G Ghana
86%
34M M Morocco
84%
15M Z Zambia
84%
28M M Mozambique
82%
13M Z Zimbabwe
82%
18M N Niger
80%
25M A Angola
79%
11M R Rwanda
74%
23M I Ivory Coast
72%
17M M Mali
71%
21M C Cameroon
70%
23M M Madagascar
68%
12M S... South Sudan
68%
90K S Seychelles
65%
700K C Comoros
64%
6M E Eritrea
64%
500K C... Cape Verde
63%
1M E... Equatorial Guinea
63%
100K S... Sao Tome
63%
9M B Burundi
62%
900K D Djibouti
62%
10M G Guinea
62%
7M T Togo
62%
10M B Benin
61%
13M C Chad
60%
1M G... Guinea-Bissau
60%
11M T Tunisia
60%
14M S Somalia
59%
16M M Malawi
58%
1M M Mauritius
58%
18M B Burkina Faso
57%
1M L Lesotho
57%
6M L Libya
56%
2M G Gambia
55%
14M S Senegal
54%
4M L Liberia
53%
6M S... Sierra Leone
53%
4M R... Congo
49%
2M B Botswana
48%
2M N Namibia
48%
4M C... CAR
46%
1M G Gabon
46%
3M M Mauritania
45%
1M S Swaziland
44%
No matching quizzes found
Score Distribution
Percent of People with Each Score
Percentile by Number Answered
Your Score History
You have not taken this quiz